000 00497nam a2200181Ia 4500
005 20240625152441.0
008 240126s9999 xx 000 0 und d
020 _a9780071072748
082 _a001.6424 HUG;1 R
100 _aHughes, Bob. Cotterell, Mike. Mall, Rajib.
245 0 _aSoftware project management
250 _a5th ed.
260 _bMcgraw Hill Education
_aNew Delhi
_c2011
300 _axxiii, 397
440 _aNULL
650 _aSoftware,project,management
942 _cPU
999 _c276054
_d276054